000 00473pab a2200169 454500
008 180718b2008 xxu||||| |||| 00| 0 eng d
100 _aBernheim, B. Douglas
245 _aBeyond revealed preference: choice-theoretic foundations for behavioral welfare economics
260 _c2008
300 _ap.51-104.
362 _aFeb
650 _aBehavioural sciences
700 _aRangel, Antonio
773 _aQuarterly Journal of Economics
908 _aN
909 _a82312
999 _c82312
_d82312